[Event "Paranaense-ch"]
[Site "Curitiba"]
[Date "2010.01.27"]
[Round "2.4"]
[White "Chemin, Vitorio"]
[Black "Borges, Victor Hugo Moreira"]
[Result "1/2-1/2"]
[WhiteElo "2230"]
[BlackElo "2008"]
[PlyCount "90"]
[EventDate "2010.01.21"]
[EventType "swiss"]
[EventRounds "9"]
[EventCountry "BRA"]
[SourceTitle "EXT 2022"]
[Source "ChessBase"]
[SourceDate "2021.10.06"]
[SourceVersion "1"]
[SourceVersionDate "2021.10.06"]
[SourceQuality "1"]

1. d4 Nf6 2. Nf3 e6 3. g3 b6 4. Bg2 Bb7 5. 0-0 Be7 6. c4 0-0 7. Nc3 Ne4 8. Qc2 Nxc3 9. Qxc3 Be4 10. Ne1 Bxg2 11. Nxg2 Bf6 12. e4 c5 13. e5 Be7 14. d5 exd5 15. cxd5 d6 16. e6 fxe6 17. Nf4 Rxf4 18. Bxf4 Bf6 19. Qd3 e5 20. Bd2 Nd7 21. Bc3 Qe8 22. Rae1 Qh5 23. Kg2 a6 24. a4 h6 25. b4 Kh8 26. bxc5 Nxc5 27. Qc4 e4 28. Bxf6 Qf3+ 29. Kg1 Qxf6 30. f3 exf3 31. Re3 Rf8 32. Rexf3 Qxf3 33. Rxf3 Rxf3 34. Qg4 Rf6 35. Qc8+ Kh7 36. Kg2 b5 37. axb5 axb5 38. Qb8 Nd7 39. Qxb5 Ne5 40. Qe8 Rf7 41. h4 h5 42. Qc8 Rf6 43. Qc2+ Kh8 44. Qc1 Ng4 45. Kg1 Ne5 1/2-1/2